[Event "Int SVK-ch Open 2020"]
[Site "Drienica"]
[Date "2020.08.08"]
[Round "2.22"]
[White "Geffert, Anton"]
[Black "Garancovsky, Pavol"]
[Result "0-1"]
[WhiteElo "1909"]
[BlackElo "2025"]
[Annotator "TA"]
[PlyCount "116"]
[EventDate "2020.08.07"]
[EventType "swiss"]
[EventCountry "SVK"]
[SourceTitle "playchess.com"]
[Source "ChessBase"]
[SourceQuality "1"]

{[%evp 15,116,44,72,49,59,46,46,35,39,42,54,38,37,33,36,38,55,35,43,22,69,68,104,49,51,-14,105,85,77,49,52,65,53,0,-12,-90,-74,-184,-188,-228,-225,-430,-255,-243,-133,-283,-287,-314,-306,-356,-352,-349,-316,-352,-304,-289,-250,-260,-254,-294,-286,-297,-293,-322,-319,-333,-340,-338,-325,-320,0,-322,-314,-317,-317,-322,-316,-343,-341,-389,-364,-570,-568,-559,-539,-539,-537,-517,-404,-402,-400,-651,-694,-689,-688,-676,-669,-722,-712,-864,-861,-855,-847]} 1. d4 Nf6 2. c4 c5 3. d5 b5 4. cxb5 a6 5. b6 Qxb6 6. Nc3 g6 7. e4 d6 8. Nf3 Bg4 9. Be2 {A57: Benko/Volga Gambit.} Bg7 10. h3 (10. O-O {feels hotter.} O-O 11. Rb1 Nbd7 12. Be3 e6 13. h3) 10... Bxf3 11. Bxf3 {[#] White is slightly better.} O-O $146 ({Predecessor:} 11... Nbd7 12. O-O O-O 13. Qc2 Rfb8 14. Rb1 Qc7 15. Be2 Nb6 16. Be3 Nfd7 17. Rfc1 Rc8 {0-1 (40) Grote,D (2195)-Lindschau,E Hamburg 1997}) 12. Rb1 Nbd7 13. Be3 Rfb8 14. O-O Qb4 15. a3 $36 {[%mdl 2048] White is more active.} Qa5 16. Qc2 Rb7 17. Bd2 Rc8 18. Be2 c4 {[#]} 19. Na2 (19. Na4 $1 $16 Qd8 20. Bxc4) 19... Qb6 20. Be3 (20. Rfc1 $14) 20... Qa5 (20... Qb3 $11 21. Qxb3 Rxb3) 21. Nb4 {Hoping for Nc6.} ({Much worse is} 21. Bxc4 $6 Ne5 $11) 21... Nb8 22. Bxc4 {Strongly threatening Rbc1.} Rbc7 23. b3 Qxa3 24. Nd3 (24. Bd2 $14 Nfd7 25. Nd3) 24... Nxe4 $11 25. Ne5 (25. Rfe1 $11 {keeps the balance.} Qa5 26. Nf4) 25... Nc5 {Black converts the advantage convincingly.} ({Reject} 25... dxe5 $6 26. Qxe4 f5 27. d6+ Kh8 28. dxc7 $11) 26. Bxc5 (26. Bc1 $17 {keeps fighting.} Qb4 27. Bd2) 26... Qxc5 $19 27. Nd3 {[#]} Qxd5 $1 {[%mdl 576] Pin} 28. Qa2 $2 (28. Bxd5 Rxc2 29. Rfd1) 28... Qb7 (28... Rxc4 $142 29. bxc4 Qxd3) 29. Nf4 e6 ({Better is} 29... Bh6 $19 30. Nd5 Rc6) 30. Rfd1 (30. Nxe6 $17 fxe6 31. Bxe6+ Kh8 32. Bxc8 Rxc8 33. Rbc1) 30... d5 31. Bf1 Rc2 32. Qa3 Qb6 33. Ne2 h5 34. Rbc1 Bf8 35. Qa4 Qc6 36. Qxc6 R8xc6 37. Ra1 {Now Nd4 and White clings on.} Bg7 38. Ra4 Rb2 39. b4 Rc4 40. Nc1 Rcxb4 41. Ra3 Rb1 {Threatens to win with ...Bb2.} 42. Bd3 R1b2 $2 (42... Bb2 $19 43. Bxb1 Bxa3) 43. Kf1 $2 {[%mdl 8192]} (43. Bf1 $1 $11 Rb6 44. Nd3) 43... Rb6 44. Be2 Bf8 45. Ra1 Rb1 46. Rxb1 Rxb1 47. Bd3 Ra1 48. Ke2 (48. Be2 {was called for.}) 48... Nc6 49. Nb3 Ra3 50. Nc1 Nd4+ 51. Kf1 Bc5 52. Ne2 Nc6 53. f3 (53. Bb1 $142) 53... Nb4 {Black is clearly winning.} 54. Bb1 Ra1 55. Nc3 a5 {[%cal Ba6a5,Ba5a4][%mdl 32]} 56. Ke2 a4 57. Ba2 Nxa2 58. Rxa1 Nxc3+ {Accuracy: White = 46%, Black = 76%.} 0-1

[Event "Int SVK-ch Open 2020"]
[Site "Drienica"]
[Date "2020.08.08"]
[Round "2.22"]
[White "Kukan, Michal"]
[Black "Horbalova, Ivana"]
[Result "1-0"]
[WhiteElo "1760"]
[BlackElo "1311"]
[Annotator "NA"]
[PlyCount "69"]
[EventDate "2020.08.07"]
[EventType "swiss"]
[EventCountry "SVK"]
[SourceTitle "playchess.com"]
[Source "ChessBase"]
[SourceQuality "1"]
[TimeControl "40/5400+30:1800+30"]

1. Nf3 f5 2. d4 Nf6 3. Nc3 c6 4. Bg5 Ne4 5. Nxe4 fxe4 6. Ne5 d6 7. Nc4 h6 8. Bh4 g5 9. Bg3 Bg7 10. e3 Be6 11. Nd2 d5 12. Be2 Bf7 13. h4 Nd7 14. hxg5 hxg5 15. Rxh8+ Bxh8 16. Bh5 Nf6 17. Bxf7+ Kxf7 18. Qe2 Qd7 19. O-O-O Qg4 20. Qf1 Bg7 21. Be5 Rh8 22. f3 exf3 23. Nxf3 Qf5 24. Qe2 g4 25. Nh2 Ke6 26. Rf1 Qh5 27. Rf4 g3 28. Nf3 Qh1+ 29. Ne1 Bh6 30. Rf3 Rg8 31. Bxg3 Rg4 32. Rxf6+ Kxf6 33. Qxg4 Bxe3+ 34. Kd1 Qh7 35. Be5+ 1-0

[Event "Int SVK-ch Open 2020"]
[Site "Drienica"]
[Date "2020.08.08"]
[Round "2.23"]
[White "Bednar, Jan"]
[Black "Andras, Anton"]
[Result "1-0"]
[WhiteElo "2018"]
[BlackElo "1584"]
[Annotator "ChessBase"]
[PlyCount "36"]
[EventDate "2020.08.07"]
[EventType "swiss"]
[EventCountry "SVK"]
[SourceTitle "playchess.com"]
[Source "ChessBase"]
[SourceQuality "1"]
[TimeControl "40/5400+30:1800+30"]

1. c4 e5 2. Nc3 Nc6 3. g3 Bb4 4. Bg2 Bxc3 5. bxc3 Nf6 6. e4 O-O 7. Ne2 d6 8. O-O Be6 9. d3 h6 10. Rb1 b6 11. f4 Bg4 12. h3 Bxe2 13. Qxe2 Qd7 14. Be3 Rad8 15. d4 Rfe8 16. fxe5 dxe5 17. d5 Na5 18. Bxh6 c5 1-0

[Event "Int SVK-ch Open 2020"]
[Site "Drienica"]
[Date "2020.08.08"]
[Round "2.23"]
[White "Stanko Ivan"]
[Black "Orsag Milan"]
[Result "0-1"]
[WhiteElo "1848"]
[BlackElo "2300"]
[Annotator "ChessBase"]
[PlyCount "64"]
[EventDate "2020.08.07"]
[EventType "swiss"]
[EventCountry "SVK"]
[SourceTitle "playchess.com"]
[Source "ChessBase"]
[SourceQuality "1"]
[TimeControl "40/5400+30:1800+30"]

1. e4 {[%emt 0:00:00]} c5 {[%emt 0:00:00]} 2. c3 {[%emt 0:00:00]} Nf6 {[%emt 0:00:00]} 3. e5 {[%emt 0:00:13]} Nd5 {[%emt 0:00:03]} 4. Nf3 {[%emt 0:00:25]} e6 {[%emt 0:00:09]} 5. d4 {[%emt 0:00:33]} cxd4 {[%emt 0:00:07]} 6. cxd4 {[%emt 0:00:09]} b6 {[%emt 0:00:09]} 7. a3 {[%emt 0:00:36]} Be7 {[%emt 0:02:21]} 8. Be2 {[%emt 0:01:09]} O-O {[%emt 0:01:37]} 9. O-O {[%emt 0:02:12]} Bb7 {[%emt 0:02:45]} 10. Nc3 {[%emt 0:01:09]} Nxc3 {[%emt 0:02:51]} 11. bxc3 {[%emt 0:03:20]} d6 {[%emt 0:00:40]} 12. Re1 {[%emt 0:03:43]} Nd7 {[%emt 0:14:18]} 13. exd6 {[%emt 0:02:15]} Bxd6 {[%emt 0:00:07]} 14. h3 {[%emt 0:10:52]} Rc8 {[%emt 0:03:13]} 15. Bb2 {[%emt 0:00:55]} h6 {[%emt 0:05:07]} 16. a4 {[%emt 0:02:54]} Bd5 {[%emt 0:09:18]} 17. Ba6 {[%emt 0:11:21]} Rc7 {[%emt 0:01:24]} 18. Nd2 {[%emt 0:09:17]} Bf4 {[%emt 0:05:01]} 19. a5 {[%emt 0:09:24]} Bxg2 {[%emt 0:06:15]} 20. Kxg2 {[%emt 0:00:07]} Qg5+ {[%emt 0:00:06]} 21. Kh1 {[%emt 0:00:04]} Bxd2 {[%emt 0:00:10]} 22. Rg1 {[%emt 0:00:07]} Qd5+ {[%emt 0:02:44]} 23. Rg2 {[%emt 0:00:56]} Bg5 {[%emt 0:06:50]} 24. c4 {[%emt 0:02:11]} Qf5 {[%emt 0:00:17]} 25. Qb3 {[%emt 0:01:53]} e5 {[%emt 0:05:44]} 26. axb6 {[%emt 0:07:19]} axb6 {[%emt 0:00:20]} 27. dxe5 {[%emt 0:02:25]} Ra8 {[%emt 0:02:44]} 28. Qc3 {[%emt 0:09:50]} Nc5 {[%emt 0:03:22]} 29. Bb5 {[%emt 0:06:50]} Rd8 {[%emt 0:02:40]} 30. Kg1 {[%emt 0:04:28]} Ne4 {[%emt 0:03:24]} 31. Qc2 {[%emt 0:03:57]} Rd2 {[%emt 0:00:47]} 32. Ra8+ {[%emt 0:00:31]} Kh7 {[%emt 0:00:19]} 0-1

[Event "Int SVK-ch Open 2020"]
[Site "Drienica"]
[Date "2020.08.08"]
[Round "2.24"]
[White "Zahradnik Vladimir"]
[Black "Juhar Roman"]
[Result "0-1"]
[WhiteElo "1874"]
[BlackElo "2225"]
[Annotator "ChessBase"]
[PlyCount "102"]
[EventDate "2020.08.07"]
[EventType "swiss"]
[EventCountry "SVK"]
[SourceTitle "playchess.com"]
[Source "ChessBase"]
[SourceQuality "1"]
[TimeControl "40/5400+30:1800+30"]

1. d4 {[%emt 0:00:00]} d5 {[%emt 0:00:00]} 2. Nf3 {[%emt 0:00:00]} c6 {[%emt 0:00:00]} 3. c4 {[%emt 0:01:01]} dxc4 {[%emt 0:00:06]} 4. e3 {[%emt 0:00:23]} b5 {[%emt 0:00:10]} 5. a4 {[%emt 0:00:16]} Bb7 {[%emt 0:00:46]} 6. b3 {[%emt 0:00:57]} e6 {[%emt 0:00:15]} 7. bxc4 {[%emt 0:00:33]} b4 {[%emt 0:00:14]} 8. Bd3 {[%emt 0:02:05]} a5 {[%emt 0:00:06]} 9. Bb2 {[%emt 0:01:07]} Nf6 {[%emt 0:00:08]} 10. Nbd2 {[%emt 0:00:12]} c5 {[%emt 0:00:58]} 11. O-O {[%emt 0:00:30]} Be7 {[%emt 0:00:41]} 12. Qe2 {[%emt 0:01:45]} O-O {[%emt 0:00:13]} 13. dxc5 {[%emt 0:02:40]} Nbd7 {[%emt 0:01:12]} 14. Nb3 {[%emt 0:00:35]} Nxc5 {[%emt 0:00:07]} 15. Nxc5 {[%emt 0:00:09]} Bxc5 {[%emt 0:00:04]} 16. e4 {[%emt 0:00:32]} Rc8 {[%emt 0:00:34]} 17. e5 {[%emt 0:00:37]} Nh5 {[%emt 0:02:37]} 18. g3 {[%emt 0:10:05]} g6 {[%emt 0:02:35]} 19. Be4 {[%emt 0:02:31]} Qb6 {[%emt 0:02:42]} 20. Bxb7 {[%emt 0:00:35]} Qxb7 {[%emt 0:00:04]} 21. Nd2 {[%emt 0:02:21]} Rfd8 {[%emt 0:00:30]} 22. Ne4 {[%emt 0:00:30]} Be7 {[%emt 0:02:45]} 23. Rfd1 {[%emt 0:02:37]} Qc6 {[%emt 0:00:35]} 24. Rdc1 {[%emt 0:06:12]} Bc5 {[%emt 0:02:37]} 25. Qg4 {[%emt 0:07:06]} Rd3 {[%emt 0:06:59]} 26. Re1 {[%emt 0:02:08]} Rcd8 {[%emt 0:00:53]} 27. Qg5 {[%emt 0:01:23]} Qc7 {[%emt 0:02:30]} 28. g4 {[%emt 0:01:05]} Be7 {[%emt 0:00:19]} 29. Qc1 {[%emt 0:02:46]} Ng7 {[%emt 0:01:54]} 30. c5 {[%emt 0:03:49]} R8d5 {[%emt 0:01:37]} 31. Qh6 {[%emt 0:00:48]} Ne8 {[%emt 0:01:33]} 32. Rec1 {[%emt 0:10:17]} Rxe5 {[%emt 0:26:43]} 33. Rc4 {[%emt 0:03:11]} Rxe4 {[%emt 0:02:19]} 34. Rxe4 {[%emt 0:01:37]} Bxc5 {[%emt 0:00:44]} 35. Be5 {[%emt 0:08:17]} Bd6 {[%emt 0:02:37]} 36. Rc1 {[%emt 0:00:55]} Qd7 {[%emt 0:04:01]} 37. Ba1 {[%emt 0:05:08]} Bf8 {[%emt 0:00:21]} 38. Qf4 {[%emt 0:01:33]} Qxa4 {[%emt 0:03:40]} 39. Rec4 {[%emt 0:01:36]} Qd7 {[%emt 0:03:34]} 40. Rd4 {[%emt 0:13:41]} Rxd4 {[%emt 0:00:31]} 41. Bxd4 {[%emt 0:30:15]} b3 {[%emt 0:34:17]} 42. Qe3 {[%emt 0:01:03]} a4 {[%emt 0:01:23]} 43. h3 {[%emt 0:00:33]} a3 {[%emt 0:00:25]} 44. Rb1 {[%emt 0:00:47]} b2 {[%emt 0:00:15]} 45. Bxb2 {[%emt 0:01:07]} axb2 {[%emt 0:02:59]} 46. Rxb2 {[%emt 0:00:06]} Nf6 {[%emt 0:01:55]} 47. Rb8 {[%emt 0:00:41]} Kg7 {[%emt 0:02:13]} 48. g5 {[%emt 0:02:37]} Qd1+ {[%emt 0:00:09]} 49. Kg2 {[%emt 0:00:15]} Qd5+ {[%emt 0:00:08]} 50. Kg1 {[%emt 0:00:11]} Ne4 {[%emt 0:00:08]} 51. h4 {[%emt 0:01:13]} Bc5 {[%emt 0:00:11]} 0-1

[Event "Int SVK-ch Open 2020"]
[Site "Drienica"]
[Date "2020.08.08"]
[Round "2.24"]
[White "Furman, Slavomir"]
[Black "Magdova, Lucia"]
[Result "1-0"]
[WhiteElo "1760"]
[BlackElo "1046"]
[Annotator "NA"]
[PlyCount "31"]
[EventDate "2020.08.07"]
[EventType "swiss"]
[EventCountry "SVK"]
[SourceTitle "playchess.com"]
[Source "ChessBase"]
[SourceQuality "1"]
[TimeControl "40/5400+30:1800+30"]

1. d4 {[%emt 0:00:00]} d5 {[%emt 0:00:00]} 2. c4 {[%emt 0:00:14]} dxc4 {[%emt 0:01:25]} 3. e3 {[%emt 0:00:34]} b5 {[%emt 0:05:13]} 4. a4 {[%emt 0:01:17]} Ba6 {[%emt 0:00:55]} 5. axb5 {[%emt 0:02:20]} Bxb5 {[%emt 0:04:14]} 6. b3 {[%emt 0:02:47]} Qd5 {[%emt 0:02:50]} 7. bxc4 {[%emt 0:02:19]} Bxc4 {[%emt 0:01:05]} 8. Qa4+ {[%emt 0:00:43]} Nc6 {[%emt 0:04:38]} 9. Qxc4 {[%emt 0:04:14]} Qf5 {[%emt 0:02:31]} 10. Qxc6+ {[%emt 0:00:55]} Kd8 {[%emt 0:03:04]} 11. Qxa8+ {[%emt 0:00:15]} Kd7 {[%emt 0:01:00]} 12. d5 {[%emt 0:01:17]} e6 {[%emt 0:01:23]} 13. Qc6+ {[%emt 0:02:48]} Kd8 {[%emt 0:01:26]} 14. Rxa7 {[%emt 0:01:14]} Ke7 {[%emt 0:04:51]} 15. d6+ {[%emt 0:03:20]} Kf6 {[%emt 0:00:50]} 16. Qf3 {[%emt 0:00:47]} 1-0

[Event "Int SVK-ch Open 2020"]
[Site "Drienica"]
[Date "2020.08.08"]
[Round "2.25"]
[White "Hros Roman"]
[Black "Tomcikova Zuzana"]
[Result "1-0"]
[WhiteElo "2203"]
[BlackElo "1776"]
[Annotator "ChessBase"]
[PlyCount "31"]
[EventDate "2020.08.07"]
[EventType "swiss"]
[EventCountry "SVK"]
[SourceTitle "playchess.com"]
[Source "ChessBase"]
[SourceQuality "1"]
[TimeControl "40/5400+30:1800+30"]

1. e4 {[%emt 0:02:45]} d6 {[%emt 0:00:00]} 2. f4 {[%emt 0:00:45]} Nf6 {[%emt 0:00:27]} 3. d3 {[%emt 0:00:33]} g6 {[%emt 0:00:49]} 4. Be2 {[%emt 0:01:16]} Bg7 {[%emt 0:01:14]} 5. Nf3 {[%emt 0:00:10]} Nc6 {[%emt 0:05:17]} 6. O-O {[%emt 0:03:29]} O-O {[%emt 0:10:58]} 7. Qe1 {[%emt 0:04:06]} e5 {[%emt 0:08:49]} 8. fxe5 {[%emt 0:13:42]} dxe5 {[%emt 0:00:36]} 9. c3 {[%emt 0:05:12]} Qe7 {[%emt 0:04:40]} 10. b4 {[%emt 0:13:38]} Nb8 {[%emt 0:13:38]} 11. Qh4 {[%emt 0:03:59]} Nbd7 {[%emt 0:03:09]} 12. Be3 {[%emt 0:05:16]} b6 {[%emt 0:01:47]} 13. Nbd2 {[%emt 0:01:05]} Bb7 {[%emt 0:01:44]} 14. Ng5 {[%emt 0:11:13]} Rad8 {[%emt 0:10:03]} 15. Nxh7 {[%emt 0:01:13]} Rfe8 {[%emt 0:01:30]} 16. Bg5 {[%emt 0:01:15]} 1-0

[Event "Int SVK-ch Open 2020"]
[Site "Drienica"]
[Date "2020.08.08"]
[Round "2.25"]
[White "Sevcik, Ondrej"]
[Black "Paluska, Karol"]
[Result "0-1"]
[WhiteElo "1017"]
[BlackElo "1871"]
[Annotator "NA"]
[PlyCount "46"]
[EventDate "2020.08.07"]
[EventType "swiss"]
[EventCountry "SVK"]
[SourceTitle "playchess.com"]
[Source "ChessBase"]
[SourceQuality "1"]
[TimeControl "40/5400+30:1800+30"]

1. e4 {[%emt 0:00:00]} c6 {[%emt 0:00:00]} 2. Nf3 {[%emt 0:00:00]} d5 {[%emt 0:00:00]} 3. Nc3 {[%emt 0:00:00]} Nf6 {[%emt 0:00:00]} 4. e5 {[%emt 0:00:19]} Ne4 {[%emt 0:00:00]} 5. d4 {[%emt 0:00:18]} Nxc3 {[%emt 0:03:03]} 6. bxc3 {[%emt 0:00:13] B11: Caro-Kann: Two Knights Variation.} Bg4 {[%emt 0:00:25]} 7. h3 {[%emt 0:00:25]} Bxf3 {[%emt 0:01:07]} 8. Qxf3 {[%emt 0:00:15]} e6 {[%emt 0:00:07]} 9. Bd3 {[%emt 0:01:19]} c5 {[%emt 0:07:52] [#]} 10. Ba3 $146 {[%emt 0:00:32]} ({Predecessor:} 10. Rb1 Qd7 11. Be3 cxd4 12. cxd4 Nc6 13. O-O Be7 14. c4 dxc4 15. Bxc4 O-O 16. Rfd1 {½-½ (56) Munoz Pantoja,M (2434)-Vittorino,C (2301) Barcelona 2015}) 10... Qa5 {[%emt 0:01:28] Double Attack} 11. Bxc5 $2 {[%emt 0:03:40]} (11. Bb2 $17 {was worth a try.}) 11... Bxc5 {[%emt 0:01:02]} 12. dxc5 {[%emt 0:00:17]} Qxc3+ {[%emt 0:00:12]} 13. Ke2 {[%emt 0:00:39]} Qxe5+ {[%emt 0:00:08]} 14. Kd2 {[%emt 0:00:37]} Qg5+ {[%emt 0:07:42]} 15. Ke2 {[%emt 0:01:09]} Nc6 {[%emt 0:02:03]} 16. Bb5 {[%emt 0:00:48]} O-O {[%emt 0:01:48]} 17. h4 $2 {[%emt 0:01:23]} (17. Bxc6 bxc6 18. Rhb1) 17... Qe5+ {[%emt 0:07:10]} 18. Kd2 {[%emt 0:00:29]} Nd4 {[%emt 0:00:54]} 19. Qd3 {[%emt 0:00:32]} Nxb5 {[%emt 0:01:59]} 20. Qxb5 {[%emt 0:00:24]} Qd4+ {[%emt 0:00:34]} 21. Ke2 $19 {[%emt 0:00:22]} Rac8 {[%emt 0:02:58]} 22. Qxb7 {[%emt 0:00:31]} Rxc5 {[%emt 0:00:17]} 23. Qb2 {[%emt 0:00:35]} Qxb2 0-1

[Event "Int SVK-ch Open 2020"]
[Site "Drienica"]
[Date "2020.08.09"]
[Round "3.1"]
[White "Stevik, Patrik"]
[Black "Bures, Jaroslav"]
[Result "0-1"]
[WhiteElo "2047"]
[BlackElo "2386"]
[Annotator "RC"]
[PlyCount "70"]
[EventDate "2020.08.07"]
[EventType "swiss"]
[EventCountry "SVK"]
[SourceTitle "playchess.com"]
[Source "ChessBase"]
[SourceQuality "1"]
[TimeControl "40/5400+30:1800+30"]

1. d4 {[%emt 0:00:00]} Nf6 {[%emt 0:00:03]} 2. Bf4 {[%emt 0:00:00]} g6 {[%emt 0:00:46]} 3. Nf3 {[%emt 0:00:19]} Bg7 {[%emt 0:00:06]} 4. Nbd2 {[%emt 0:02:18]} d6 {[%emt 0:01:18]} 5. e3 {[%emt 0:03:17]} Nfd7 {[%emt 0:02:38]} 6. Bd3 {[%emt 0:04:33]} e5 {[%emt 0:00:21]} 7. Bg5 {[%emt 0:00:38]} f6 {[%emt 0:00:31]} 8. Bh4 {[%emt 0:00:07]} O-O {[%emt 0:00:00]} 9. c3 {[%emt 0:06:35]} Qe8 {[%emt 0:01:14]} 10. Qb3+ {[%emt 0:02:20]} Kh8 {[%emt 0:00:02]} 11. g4 {[%emt 0:02:32]} Nc6 {[%emt 0:01:54]} 12. O-O-O {[%emt 0:04:29]} Nb6 {[%emt 0:01:44]} 13. h3 {[%emt 0:05:53]} f5 {[%emt 0:05:07]} 14. gxf5 {[%emt 0:02:46]} gxf5 {[%emt 0:00:52]} 15. dxe5 {[%emt 0:04:46]} dxe5 {[%emt 0:03:03]} 16. e4 {[%emt 0:02:53]} Be6 {[%emt 0:05:42]} 17. Qc2 {[%emt 0:03:02]} f4 {[%emt 0:10:19]} 18. Rhg1 {[%emt 0:17:42]} a5 {[%emt 0:04:22]} 19. Bb5 {[%emt 0:05:05]} a4 {[%emt 0:02:15]} 20. Rxg7 {[%emt 0:08:41]} Kxg7 {[%emt 0:00:04]} 21. Rg1+ {[%emt 0:00:07]} Kh8 {[%emt 0:00:24]} 22. Nxe5 {[%emt 0:00:12]} Qh5 {[%emt 0:16:23]} 23. Bxc6 {[%emt 0:09:11]} Qxh4 {[%emt 0:06:10]} 24. Ndf3 {[%emt 0:02:22]} Qf6 {[%emt 0:03:39]} 25. Bxb7 {[%emt 0:02:03]} Ra5 {[%emt 0:01:06]} 26. Nc6 {[%emt 0:01:35]} Rh5 {[%emt 0:03:10]} 27. Ncd4 {[%emt 0:02:15]} Bxa2 {[%emt 0:03:03]} 28. h4 {[%emt 0:03:19]} c5 {[%emt 0:01:16]} 29. Nf5 {[%emt 0:01:25]} Rb8 {[%emt 0:03:59]} 30. Ba6 {[%emt 0:01:23]} Rxf5 {[%emt 0:06:48]} 31. exf5 {[%emt 0:00:11]} Nd5 {[%emt 0:00:05]} 32. Qe4 {[%emt 0:03:13]} a3 {[%emt 0:02:12]} 33. b3 {[%emt 0:00:44]} Qxc3+ {[%emt 0:01:57]} 34. Qc2 {[%emt 0:00:33]} Rxb3 {[%emt 0:14:27]} 35. Nd2 {[%emt 0:01:01]} Qa1+ {[%emt 0:00:30]} 0-1

[Event "Int SVK-ch Open 2020"]
[Site "Drienica"]
[Date "2020.08.09"]
[Round "3.1"]
[White "Hudak, Vasil"]
[Black "Elias, David"]
[Result "0-1"]
[WhiteElo "1997"]
[BlackElo "1781"]
[Annotator "ChessBase"]
[PlyCount "66"]
[EventDate "2020.08.07"]
[EventType "swiss"]
[EventCountry "SVK"]
[SourceTitle "playchess.com"]
[Source "ChessBase"]
[SourceQuality "1"]
[TimeControl "40/5400+30:1800+30"]

1. Nf3 {[%emt 0:00:00]} c5 {[%emt 0:00:05]} 2. e4 {[%emt 0:00:00]} Nc6 {[%emt 0:00:23]} 3. d4 {[%emt 0:00:08]} cxd4 {[%emt 0:00:03]} 4. Nxd4 {[%emt 0:00:09]} Nf6 {[%emt 0:01:24]} 5. Nc3 {[%emt 0:00:12]} g6 {[%emt 0:00:16]} 6. Be3 {[%emt 0:00:45]} Bg7 {[%emt 0:00:13]} 7. f3 {[%emt 0:00:33]} O-O {[%emt 0:01:54]} 8. Qd2 {[%emt 0:00:26]} d5 {[%emt 0:01:02]} 9. Nxc6 {[%emt 0:04:59]} bxc6 {[%emt 0:00:18]} 10. O-O-O {[%emt 0:02:55]} Qc7 {[%emt 0:21:52]} 11. exd5 {[%emt 0:06:55]} Nxd5 {[%emt 0:01:27]} 12. Bd4 {[%emt 0:01:58]} e5 {[%emt 0:03:24]} 13. Bc5 {[%emt 0:00:08]} Rd8 {[%emt 0:00:31]} 14. Ne4 {[%emt 0:03:32]} f5 {[%emt 0:06:28]} 15. Nd6 {[%emt 0:23:58]} Rxd6 {[%emt 0:10:05]} 16. Bxd6 {[%emt 0:09:30]} Qxd6 {[%emt 0:00:07]} 17. c4 {[%emt 0:00:31]} Qf8 {[%emt 0:07:50]} 18. Kb1 {[%emt 0:01:46]} Nf6 {[%emt 0:04:03]} 19. Qa5 {[%emt 0:00:46]} f4 {[%emt 0:12:58]} 20. Bd3 {[%emt 0:02:55]} Ne8 {[%emt 0:00:58]} 21. Rhe1 {[%emt 0:05:52]} Bf5 {[%emt 0:04:34]} 22. Be4 {[%emt 0:01:05]} Nd6 {[%emt 0:01:49]} 23. Qa6 {[%emt 0:02:41]} Nxe4 {[%emt 0:01:31]} 24. fxe4 {[%emt 0:00:13]} Bg4 {[%emt 0:00:58]} 25. Rd3 {[%emt 0:01:43]} Qc5 {[%emt 0:01:49]} 26. Qb7 {[%emt 0:02:21]} Rf8 {[%emt 0:01:11]} 27. h3 {[%emt 0:01:14]} Bc8 {[%emt 0:05:53]} 28. Qc7 {[%emt 0:00:58]} Qf2 {[%emt 0:01:18]} 29. Red1 {[%emt 0:01:17]} Qxg2 {[%emt 0:01:28]} 30. Rd8 {[%emt 0:00:25]} Qxe4+ {[%emt 0:00:54]} 31. Ka1 {[%emt 0:01:01]} Bf5 {[%emt 0:03:58]} 32. b3 {[%emt 0:03:10]} Qc2 {[%emt 0:01:09]} 33. Qa5 {[%emt 0:01:54]} e4+ {[%emt 0:00:52]} 0-1

[Event "Int SVK-ch Open 2020"]
[Site "Drienica"]
[Date "2020.08.09"]
[Round "3.2"]
[White "Czebe, Attila"]
[Black "Ihnat, Marek"]
[Result "1-0"]
[WhiteElo "2378"]
[BlackElo "2065"]
[Annotator "ChessBase"]
[PlyCount "59"]
[EventDate "2020.08.07"]
[EventType "swiss"]
[EventCountry "SVK"]
[SourceTitle "playchess.com"]
[Source "ChessBase"]
[SourceQuality "1"]
[TimeControl "40/5400+30:1800+30"]

1. Nf3 {[%emt 0:01:32]} Nf6 {[%emt 0:00:00]} 2. g3 {[%emt 0:00:20]} g6 {[%emt 0:00:46]} 3. Bg2 {[%emt 0:00:04]} Bg7 {[%emt 0:00:04]} 4. O-O {[%emt 0:00:04]} O-O {[%emt 0:00:06]} 5. c4 {[%emt 0:00:17]} d5 {[%emt 0:00:48]} 6. cxd5 {[%emt 0:00:13]} Nxd5 {[%emt 0:00:07]} 7. d3 {[%emt 0:00:32]} Nc6 {[%emt 0:01:18]} 8. a3 {[%emt 0:01:03]} h6 {[%emt 0:02:28]} 9. Nc3 {[%emt 0:05:21]} Nb6 {[%emt 0:07:14]} 10. d4 {[%emt 0:01:45]} Kh7 {[%emt 0:11:53]} 11. d5 {[%emt 0:02:18]} Na5 {[%emt 0:07:29]} 12. Qc2 {[%emt 0:08:00]} e6 {[%emt 0:04:28]} 13. b4 {[%emt 0:00:50]} Nxd5 {[%emt 0:19:53]} 14. bxa5 {[%emt 0:01:19]} Nxc3 {[%emt 0:06:20]} 15. Bb2 {[%emt 0:01:32]} Nd5 {[%emt 0:00:19]} 16. Bxg7 {[%emt 0:00:52]} Kxg7 {[%emt 0:00:06]} 17. e4 {[%emt 0:00:41]} Nf6 {[%emt 0:02:24]} 18. Ne5 {[%emt 0:05:59]} Qe7 {[%emt 0:06:46]} 19. Rfc1 {[%emt 0:06:06]} Ne8 {[%emt 0:06:38]} 20. a6 {[%emt 0:01:39]} b6 {[%emt 0:02:01]} 21. Nc6 {[%emt 0:00:17]} Qg5 {[%emt 0:03:49]} 22. e5 {[%emt 0:00:55]} Bd7 {[%emt 0:06:49]} 23. h4 {[%emt 0:04:46]} Qg4 {[%emt 0:00:32]} 24. Rd1 {[%emt 0:00:16]} Bxc6 {[%emt 0:01:24]} 25. Qxc6 {[%emt 0:00:08]} Rb8 {[%emt 0:01:07]} 26. Rd7 {[%emt 0:03:21]} Kg8 {[%emt 0:03:32]} 27. Re1 {[%emt 0:00:31]} h5 {[%emt 0:03:53]} 28. Kh2 {[%emt 0:03:25]} Qf5 {[%emt 0:00:58]} 29. Rd2 {[%emt 0:04:15]} g5 {[%emt 0:00:44]} 30. Be4 {[%emt 0:00:15]} 1-0